000
00312nam a2200133Ia 4500
005
20251222152026.0
008
251222s9999||||xx |||||||||||||| ||spa||
082
_a
833.912/Z98
100
_a
Zweig, Stefan
245
0
_a
Impaciencia del Corazón
250
_a
1ra.ed.
264
_b
Luis de Caralt,
942
_c
LIB
999
_c
25484
_d
25484